| 000 | 00684nam a22002057a 4500 | ||
|---|---|---|---|
| 999 |
_c18998 _d18998 |
||
| 003 | AR-CdUCM | ||
| 008 | 190516b ||||| |||| 00| 0 spa d | ||
| 040 |
_aMUNICIPALIDAD PROVINCIAL DEL CUSCO _cBIBLIOTECA MUNICIPAL DEL CUSCO |
||
| 082 |
_a869.56 / _bP26 |
||
| 100 |
_aParedes Adrianzen, Feliciano _940014 |
||
| 245 | _aUn intruso en el paraíso / | ||
| 260 |
_aLima : _bUniverso, _c1992. |
||
| 300 |
_a483 páginas _c22 cm. |
||
| 505 | _aContendido : La partida -- Seis hombres, destinos diferentes -- Viaje de pesadilla por el Ucayali ... | ||
| 650 |
_aLiteratura _983 |
||
| 650 |
_aPeruana _925277 |
||
| 650 |
_aSiglo XX _98 |
||
| 942 |
_2ddc _cLIBROS |
||
| 945 |
_arah _d2019/05/16 |
||